Getting tooled up to win (Record no. 63584)
[ view plain ]
| 000 -LEADER | |
|---|---|
| fixed length control field | 00875cam a2200193 4500 |
| 001 - CONTROL NUMBER | |
| control field | ABS62272 |
| 008 - FIXED-LENGTH DATA ELEMENTS--GENERAL INFORMATION | |
| fixed length control field | 000000n2000 000 0 eng u |
| 035 ## - SYSTEM CONTROL NUMBER | |
| System control number | (Sirsi) u106133 |
| 100 ## - MAIN ENTRY--PERSONAL NAME | |
| Personal name | Bartram, P. |
| 245 ## - TITLE STATEMENT | |
| Title | Getting tooled up to win |
| 260 ## - PUBLICATION, DISTRIBUTION, ETC. | |
| Date of publication, distribution, etc. | 2000 |
| 490 ## - SERIES STATEMENT | |
| Series statement | Contract Journal |
| Volume/sequential designation | 403(6275) 4 May 2000, 16-17(2) |
| 520 ## - SUMMARY, ETC. | |
| Summary, etc. | Professor Coulson-Thomas at the National Centre for Competitiveness Luton University has developed a toolkit to assist construction managers bidding for contracts. Free copies of the "Contract Bid Manager's Toolkit" together with the "Bidding for Business in Construction" resource pack are available from Policy Publications 01234 328448 [email protected] |
| 590 ## - LOCAL NOTE (RLIN) | |
| Local note | ABS |
| 650 ## - SUBJECT ADDED ENTRY--TOPICAL TERM | |
| Topical term or geographic name entry element | BIDDING |
| 650 ## - SUBJECT ADDED ENTRY--TOPICAL TERM | |
| Topical term or geographic name entry element | BUILT ENVIRONMENT-BUILDING CONTRACT FORMS |
| 690 ## - LOCAL SUBJECT ADDED ENTRY--TOPICAL TERM (OCLC, RLIN) | |
| Topical term or geographic name as entry element | BUILT ENVIRONMENT-BUILDING CONTRACT FORMS |
| 942 ## - ADDED ENTRY ELEMENTS (KOHA) | |
| Suppress in OPAC | 0 |
| Withdrawn status | Lost status | Source of classification or shelving scheme | Damaged status | Not for loan | Home library | Current library | Shelving location | Date acquired | Total Checkouts | Full call number | Barcode | Date last seen | Copy number | Price effective from | Koha item type |
|---|---|---|---|---|---|---|---|---|---|---|---|---|---|---|---|
| Dewey Decimal Classification | London | London | Journal article | 30/05/2000 | ABS62272 | 106133-1001 | 06/08/2019 | 1 | 06/08/2019 | Journal article |